El Rey de la Patagonia. Orellie Antoine I, Rey de Araucanía y Patagonia

Αποθηκεύτηκε σε:
Λεπτομέρειες βιβλιογραφικής εγγραφής
Κύριος συγγραφέας: Morales Gorleri, Claudio (autor)
Μορφή: Βιβλίο
Γλώσσα:Ισπανικά
Έκδοση: Buenos Aires Planeta 1999
Έκδοση:1a. ed
Θέματα:
Ετικέτες: Προσθήκη ετικέτας
Δεν υπάρχουν, Καταχωρήστε ετικέτα πρώτοι!

MARC

LEADER 00000nam a2200000 a 4500
001 UCJ7105
003 CL-VaPUC
008 070124e19990715AG |||||||||||||||||spa|d
082 0 4 |a A863  |b MOR  |2 21 
100 |a Morales Gorleri, Claudio  |e autor  |9 515030 
245 1 3 |a El Rey de la Patagonia. Orellie Antoine I, Rey de Araucanía y Patagonia 
250 |a 1a. ed 
300 |a 256 p 
942 |c BK 
945 |d 20070124 00:00:00  |a rinostro 
260 |a Buenos Aires  |b Planeta  |c 1999 
500 |a Cubierta anterior, reproducción de un retrato de S. M. Orelie Antoine I; iconografía e ilustraciones sin indizar; en una de las solapas, fotografía del autor 
650 0 |a Novelas históricas   |9 342315 
650 0 |a Biografías  |9 255210 
650 0 |a Guerra de Arauco  |9 267618 
583 |a last modification  |c 20131001 01:56:55  |k Rodrigo Vera 
999 |c 323205  |d 323203 
952 |0 0  |1 0  |4 0  |6 A_863_000000000000000_MOR_1999  |7 0  |8 X  |9 402606  |a FDOBUD  |b FDOBUD  |d 2019-11-22  |i 1058460  |o A863 MOR 1999  |p 1058460  |r 2019-11-22  |w 2019-11-22  |y BK_X  |k BUD